000 03274nkm0a2200505 4500
001 RU\NLR\bibl\2085145
005 20260503052626.0
020 _aRU
_b365[92]
_9ЛЕНИНГРАД В ВЕЛИКОЙ ОТЕЧЕСТВЕННОЙ ВОЙНЕ: Печать Ленинграда, 1941 - 1945: каталог изданий, хранящихся в фондах Государственной Публичной библиотеки, вып.2. Листовки,плакаты,открытки,альбомы/Гос.публ.б-ка им.М.Е.Салтыкова-Щедрина. - Ленинград,1972
035 _a(NLR Aleph) 010196818
090 _a13290517
_c13290517
100 _a20131107j1944 u y0rusy50 ca
101 0 _arus
102 _aRU
105 _ay z |||||
200 1 _aБюллетень для печатных газет соединений и кораблей КБФ и для местного радиовещания
_fПолит. упр. Краснознам. Балт. флота
_gотв. ред.: Е. Ковалерчук
_hN° 92
_iПалачи-плакальщики
_f[Юр. Чап.]
210 _a[Ленинград]
_d1944, июнь, 08
215 _a1 с. в 2 стб.
_d22х12
300 _aВ части номеров загл.: Бюллетень для печатных газет соединений и кораблей КБФ
325 _aКопия доступна в Электрон. б-ке РНБ http://vivaldi.nlr.ru/ll000074492/view
327 1 _aО зверствах финских фашистов
337 _aЭлектронная копия доступна в Электронной библиотеке РНБ
500 1 0 _6z44702
_aПалачи-плакальщики
517 1 _aБюллетень для печатных газет соединений и кораблей КБФ
540 1 _aО зверствах финских фашистов
606 1 _aБлокада Ленинграда
_jЛистовки
_z1941 - 1944
_92077679
_3RU\NLR\AUTH\661253360
686 _aТ3(2)722.721,011
702 1 _4340
_7ca
_8rus
_aКовалерчук
_bЕ. С.
_gЕфим Семенович
_9126827
_3RU\NLR\AUTH\770126847
702 1 _6z44500
_aЧап.
_bЮ.
_cпсевдоним
_cжурналист
_gЮр.
_4070
711 0 2 _aБалтийский флот
_9508449
_3RU\NLR\AUTH\8810005535
712 0 2 _4570
_aБалтийский флот
_bПолитическое управление
_9508529
_3RU\NLR\AUTH\8810005574
801 0 _aRU
_bNLR
_c19720101
_gPSBO
801 1 _aRU
_bNLR
_c20131107
_gRCR
852 _aNLR
_bЛ3-330л
_j7/2-32-1944(92)
856 0 _uhttp://vivaldi.nlr.ru/ll000074492/view
856 1 _uhttp://vivaldi.nlr.ru/ll000074492/cover
856 2 _uhttp://vivaldi.nlr.ru/ll000074492/text
942 _cVISUAL
945 _aРоссийская национальная библиотека
980 _aBV
980 _aNB
981 2 1 _a(21) Листовки
_b(21) Листовки блокадного Ленинграда
981 3 7 _a(37) Ленинград в Великой Отечественной войне
_b(37) Листовки блокадного Ленинграда